[Event "DEM U14 2023"]
[Site "Willingen GER"]
[Date "2023.05.31"]
[Round "6"]
[White "Mester, Philipp"]
[Black "Zomartova, Ilya"]
[Result "1-0"]
[Termination "normal"]
[Board "19"]
[WhiteElo "1730"]
[BlackElo "1672"]
[WhiteClock "00:07:24"]
[BlackClock "01:00:59"]
[PlyCount "97"]
[WhiteFideId "34624902"]
[BlackFideId "13630946"]
[EventCountry "GER"]
[EventRounds "9"]
[EventType "swiss"]
[EventDate "2023.05.27"]

1. d4 {[%clk 01:30:59]} d5 {[%clk 01:30:57]} {[%emt 00:00:04]} 2. c4 {[%clk
01:31:25]} {[%emt 00:00:03]} e6 {[%clk 01:31:17]} {[%emt 00:00:10]} 3. Nc3
{[%clk 01:31:50]} {[%emt 00:00:04]} a6 {[%clk 01:31:29]} {[%emt 00:00:19]} 4.
Nf3 {[%clk 01:30:55]} {[%emt 00:01:25]} Be7 {[%clk 01:31:51]} {[%emt 00:00:08]}
5. h3 {[%clk 01:23:35]} {[%emt 00:07:51]} Nf6 {[%clk 01:29:53]} {[%emt
00:02:28]} 6. Bg5 {[%clk 01:21:54]} {[%emt 00:02:10]} O-O {[%clk 01:29:42]}
{[%emt 00:00:40]} 7. e3 {[%clk 01:22:13]} {[%emt 00:00:11]} Nbd7 {[%clk
01:29:43]} {[%emt 00:00:29]} 8. cxd5 {[%clk 01:22:16]} {[%emt 00:00:28]} exd5
{[%clk 01:29:51]} {[%emt 00:00:22]} 9. Bd3 {[%clk 01:22:12]} {[%emt 00:00:34]}
Re8 {[%clk 01:29:32]} {[%emt 00:00:49]} 10. O-O {[%clk 01:21:20]} {[%emt
00:01:23]} c6 {[%clk 01:28:26]} {[%emt 00:01:35]} 11. Qc2 {[%clk 01:20:50]}
{[%emt 00:00:59]} h6 {[%clk 01:27:43]} {[%emt 00:01:14]} 12. Bf4 {[%clk
01:17:09]} {[%emt 00:04:11]} Nf8 {[%clk 01:27:40]} {[%emt 00:00:33]} 13. a3
{[%clk 01:15:18]} {[%emt 00:02:21]} Bd6 {[%clk 01:27:31]} {[%emt 00:00:39]} 14.
Ne5 {[%clk 01:06:34]} {[%emt 00:09:14]} Qc7 {[%clk 01:26:40]} {[%emt 00:01:20]}
15. Bh2 {[%clk 01:02:57]} {[%emt 00:04:08]} Ne6 {[%clk 01:25:24]} {[%emt
00:01:46]} 16. b4 {[%clk 01:01:35]} {[%emt 00:01:53]} a5 {[%clk 01:24:57]}
{[%emt 00:00:57]} 17. Rab1 {[%clk 00:58:22]} {[%emt 00:03:42]} Qe7 {[%clk
01:24:41]} {[%emt 00:00:45]} 18. Qb3 {[%clk 00:55:51]} {[%emt 00:03:02]} Bxe5
{[%clk 01:23:38]} {[%emt 00:01:33]} 19. Bxe5 {[%clk 00:50:54]} {[%emt
00:05:27]} Nd7 {[%clk 01:21:02]} {[%emt 00:03:06]} 20. Bh2 {[%clk 00:34:25]}
{[%emt 00:16:57]} axb4 {[%clk 01:21:13]} {[%emt 00:00:22]} 21. axb4 {[%clk
00:34:21]} {[%emt 00:00:33]} b5 {[%clk 01:21:09]} {[%emt 00:00:34]} 22. Qb2
{[%clk 00:26:22]} {[%emt 00:08:29]} Nb6 {[%clk 01:20:22]} {[%emt 00:01:17]} 23.
e4 {[%clk 00:24:32]} {[%emt 00:02:21]} Nxd4 {[%clk 01:15:32]} {[%emt 00:05:19]}
24. Nxd5 {[%clk 00:21:05]} {[%emt 00:03:57]} Nf3+ {[%clk 01:15:23]} {[%emt
00:00:39]} 25. gxf3 {[%clk 00:21:18]} {[%emt 00:00:16]} cxd5 {[%clk 01:15:02]}
{[%emt 00:00:52]} 26. Bxb5 {[%clk 00:19:46]} {[%emt 00:02:02]} Bxh3 {[%clk
01:12:58]} {[%emt 00:02:34]} 27. Bxe8 {[%clk 00:18:06]} {[%emt 00:02:10]} Bxf1
{[%clk 01:13:01]} {[%emt 00:00:27]} 28. Kxf1 {[%clk 00:17:28]} {[%emt
00:01:07]} Qxe8 {[%clk 01:12:59]} {[%emt 00:00:33]} 29. Qe5 {[%clk 00:13:21]}
{[%emt 00:04:35]} Qxe5 {[%clk 01:00:31]} {[%emt 00:13:00]} 30. Bxe5 {[%clk
00:13:43]} {[%emt 00:00:08]} dxe4 {[%clk 00:59:40]} {[%emt 00:01:21]} 31. fxe4
{[%clk 00:12:51]} {[%emt 00:01:22]} Re8 {[%clk 00:59:45]} {[%emt 00:00:25]} 32.
Bd4 {[%clk 00:09:37]} {[%emt 00:03:43]} Nc4 {[%clk 00:59:23]} {[%emt 00:00:53]}
33. Ke2 {[%clk 00:09:49]} {[%emt 00:00:18]} Rxe4+ {[%clk 00:58:50]} {[%emt
00:01:03]} 34. Kd3 {[%clk 00:10:12]} {[%emt 00:00:05]} Nd6 {[%clk 00:58:44]}
{[%emt 00:00:38]} 35. Bc5 {[%clk 00:08:20]} {[%emt 00:02:21]} Re6 {[%clk
00:58:50]} {[%emt 00:00:25]} 36. Bxd6 {[%clk 00:05:39]} {[%emt 00:03:11]} Rxd6+
{[%clk 00:59:14]} {[%emt 00:00:06]} 37. Kc4 {[%clk 00:06:04]} {[%emt 00:00:04]}
Kf8 {[%clk 00:59:33]} {[%emt 00:00:12]} 38. b5 {[%clk 00:05:52]} {[%emt
00:00:41]} Ke8 {[%clk 00:59:30]} {[%emt 00:00:35]} 39. b6 {[%clk 00:05:41]}
{[%emt 00:00:40]} Rd8 {[%clk 00:59:23]} {[%emt 00:00:37]} 40. b7 {[%clk
00:05:48]} {[%emt 00:00:23]} Rb8 {[%clk 00:59:50]} {[%emt 00:00:03]} 41. Kc5
{[%clk 00:06:13]} {[%emt 00:00:05]} h5 {[%clk 00:59:43]} {[%emt 00:00:37]} 42.
Kc6 {[%clk 00:06:12]} {[%emt 00:00:29]} h4 {[%clk 00:59:38]} {[%emt 00:00:36]}
43. Kc7 {[%clk 00:06:28]} {[%emt 00:00:15]} Rxb7+ {[%clk 01:00:01]} {[%emt
00:00:07]} 44. Rxb7 {[%clk 00:06:44]} {[%emt 00:00:14]} Ke7 {[%clk 01:00:21]}
{[%emt 00:00:10]} 45. Kc6+ {[%clk 00:06:29]} {[%emt 00:00:44]} Ke6 {[%clk
01:00:42]} {[%emt 00:00:10]} 46. Kc5 {[%clk 00:06:49]} {[%emt 00:00:10]} g5
{[%clk 01:00:55]} {[%emt 00:00:16]} 47. Kd4 {[%clk 00:06:51]} {[%emt 00:00:29]}
f5 {[%clk 01:00:35]} {[%emt 00:00:50]} 48. Rb6+ {[%clk 00:07:05]} {[%emt
00:00:16]} Kf7 {[%clk 01:00:59]} {[%emt 00:00:06]} 49. Ke5 {[%clk 00:07:24]}
{[%emt 00:00:11]} 1-0

[Event "DEM U14 2023"]
[Site "Willingen GER"]
[Date "2023.05.31"]
[Round "6"]
[White "Grabs, Peter"]
[Black "Wylie, Leonard"]
[Result "1/2-1/2"]
[Termination "normal"]
[Board "20"]
[WhiteTitle "CM"]
[WhiteElo "1552"]
[BlackElo "1546"]
[WhiteClock "00:14:50"]
[BlackClock "00:50:36"]
[PlyCount "59"]
[WhiteFideId "16203887"]
[BlackFideId "479616"]
[EventCountry "GER"]
[EventRounds "9"]
[EventType "swiss"]
[EventDate "2023.05.27"]

1. e4 {[%clk 01:30:57]} {[%emt 00:00:02]} e6 {[%clk 01:30:56]} {[%emt
00:00:05]} 2. d4 {[%clk 01:31:24]} {[%emt 00:00:03]} d5 {[%clk 01:31:23]}
{[%emt 00:00:03]} 3. exd5 {[%clk 01:31:52]} {[%emt 00:00:03]} exd5 {[%clk
01:31:48]} {[%emt 00:00:05]} 4. Bd3 {[%clk 01:32:19]} {[%emt 00:00:02]} Nf6
{[%clk 01:32:13]} {[%emt 00:00:06]} 5. Ne2 {[%clk 01:31:30]} {[%emt 00:01:18]}
c5 {[%clk 01:32:01]} {[%emt 00:00:42]} 6. dxc5 {[%clk 01:30:56]} {[%emt
00:01:04]} Bxc5 {[%clk 01:32:19]} {[%emt 00:00:12]} 7. O-O {[%clk 01:31:15]}
{[%emt 00:00:11]} O-O {[%clk 01:32:43]} {[%emt 00:00:06]} 8. Bf4 {[%clk
01:31:03]} {[%emt 00:00:41]} Nc6 {[%clk 01:32:59]} {[%emt 00:00:15]} 9. c3
{[%clk 01:28:59]} {[%emt 00:02:34]} Bg4 {[%clk 01:32:55]} {[%emt 00:00:33]} 10.
h3 {[%clk 01:28:58]} {[%emt 00:00:32]} Bh5 {[%clk 01:32:35]} {[%emt 00:00:50]}
11. Qc2 {[%clk 01:27:37]} {[%emt 00:01:52]} Bxe2 {[%clk 01:32:45]} {[%emt
00:00:19]} 12. Bxe2 {[%clk 01:27:02]} {[%emt 00:01:05]} d4 {[%clk 01:32:31]}
{[%emt 00:00:44]} 13. Rd1 {[%clk 01:26:37]} {[%emt 00:00:55]} Qe7 {[%clk
01:31:25]} {[%emt 00:01:33]} 14. Bf3 {[%clk 01:26:04]} {[%emt 00:01:06]} Rac8
{[%clk 01:31:17]} {[%emt 00:00:37]} 15. Nd2 {[%clk 01:14:07]} {[%emt 00:12:28]}
dxc3 {[%clk 01:28:00]} {[%emt 00:03:46]} 16. Qxc3 {[%clk 01:12:38]} {[%emt
00:02:00]} Nd4 {[%clk 01:25:34]} {[%emt 00:02:56]} 17. Re1 {[%clk 01:06:03]}
{[%emt 00:07:05]} Qd7 {[%clk 01:25:01]} {[%emt 00:01:02]} 18. Rad1 {[%clk
00:56:59]} {[%emt 00:09:35]} Qa4 {[%clk 01:11:16]} {[%emt 00:14:15]} 19. Be5
{[%clk 00:46:35]} {[%emt 00:10:54]} Nd7 {[%clk 01:00:42]} {[%emt 00:10:47]} 20.
b3 {[%clk 00:33:26]} {[%emt 00:13:57]} Nxf3+ {[%clk 01:00:46]} {[%emt
00:00:25]} 21. Nxf3 {[%clk 00:31:58]} {[%emt 00:01:57]} Qb5 {[%clk 01:00:49]}
{[%emt 00:00:22]} 22. Nd4 {[%clk 00:18:00]} {[%emt 00:14:33]} Bxd4 {[%clk
00:57:55]} {[%emt 00:03:24]} 23. Qxd4 {[%clk 00:18:23]} {[%emt 00:00:08]} Nxe5
{[%clk 00:56:56]} {[%emt 00:01:28]} 24. Rxe5 {[%clk 00:18:16]} {[%emt
00:00:37]} Qc6 {[%clk 00:56:53]} {[%emt 00:00:26]} 25. Re7 {[%clk 00:16:12]}
{[%emt 00:02:41]} Rce8 {[%clk 00:51:01]} {[%emt 00:06:19]} 26. Qd7 {[%clk
00:14:44]} {[%emt 00:02:01]} Rxe7 {[%clk 00:50:19]} {[%emt 00:01:13]} 27. Qxe7
{[%clk 00:15:06]} {[%emt 00:00:08]} Re8 {[%clk 00:49:54]} {[%emt 00:00:54]} 28.
Rd8 {[%clk 00:13:59]} {[%emt 00:01:38]} Qc1+ {[%clk 00:50:11]} {[%emt
00:00:13]} 29. Kh2 {[%clk 00:14:24]} {[%emt 00:00:04]} Qf4+ {[%clk 00:50:36]}
{[%emt 00:00:05]} 30. Kg1 {[%clk 00:14:50]} {[%emt 00:00:03]} 1/2-1/2

[Event "DEM U14 2023"]
[Site "Willingen GER"]
[Date "2023.05.31"]
[Round "6"]
[White "Herrmann, Jakob"]
[Black "Uyar, Levin"]
[Result "1/2-1/2"]
[Termination "normal"]
[Board "21"]
[WhiteElo "2084"]
[BlackElo "1700"]
[WhiteClock "00:15:47"]
[BlackClock "00:15:56"]
[PlyCount "60"]
[WhiteFideId "16287169"]
[BlackFideId "16282108"]
[EventCountry "GER"]
[EventRounds "9"]
[EventType "swiss"]
[EventDate "2023.05.27"]

1. e4 {[%clk 01:30:56]} {[%emt 00:00:03]} e5 {[%clk 01:30:56]} {[%emt
00:00:05]} 2. Nf3 {[%clk 01:31:20]} {[%emt 00:00:05]} Nc6 {[%clk 01:31:22]}
{[%emt 00:00:05]} 3. d4 {[%clk 01:31:33]} {[%emt 00:00:17]} exd4 {[%clk
01:31:45]} {[%emt 00:00:08]} 4. Bc4 {[%clk 01:31:51]} {[%emt 00:00:11]} Nf6
{[%clk 01:31:54]} {[%emt 00:00:21]} 5. e5 {[%clk 01:32:14]} {[%emt 00:00:07]}
d5 {[%clk 01:32:17]} {[%emt 00:00:07]} 6. Bb5 {[%clk 01:32:39]} {[%emt
00:00:05]} Ne4 {[%clk 01:32:39]} {[%emt 00:00:09]} 7. Nxd4 {[%clk 01:33:02]}
{[%emt 00:00:06]} Bc5 {[%clk 01:32:52]} {[%emt 00:00:16]} 8. Be3 {[%clk
01:33:16]} {[%emt 00:00:16]} O-O {[%clk 01:32:56]} {[%emt 00:00:27]} 9. Nxc6
{[%clk 01:33:10]} {[%emt 00:00:36]} bxc6 {[%clk 01:33:13]} {[%emt 00:00:13]}
10. Bxc5 {[%clk 01:33:35]} {[%emt 00:00:05]} Nxc5 {[%clk 01:33:37]} {[%emt
00:00:06]} 11. Bxc6 {[%clk 01:33:56]} {[%emt 00:00:08]} Rb8 {[%clk 01:34:01]}
{[%emt 00:00:06]} 12. Qxd5 {[%clk 01:29:34]} {[%emt 00:04:52]} Qe7 {[%clk
01:33:38]} {[%emt 00:00:53]} 13. O-O {[%clk 01:27:42]} {[%emt 00:02:22]} Rxb2
{[%clk 01:30:42]} {[%emt 00:03:27]} 14. Nc3 {[%clk 01:27:21]} {[%emt 00:00:50]}
Rd8 {[%clk 01:01:10]} {[%emt 00:30:02]} 15. Qf3 {[%clk 01:24:21]} {[%emt
00:03:29]} Ba6 {[%clk 00:49:37]} {[%emt 00:12:04]} 16. Rfe1 {[%clk 01:17:47]}
{[%emt 00:07:04]} Bc4 {[%clk 00:38:22]} {[%emt 00:11:46]} 17. Bd5 {[%clk
01:07:31]} {[%emt 00:10:46]} Bxd5 {[%clk 00:26:59]} {[%emt 00:11:53]} 18. Nxd5
{[%clk 01:07:00]} {[%emt 00:01:00]} Qe6 {[%clk 00:26:20]} {[%emt 00:01:09]} 19.
Rad1 {[%clk 01:07:02]} {[%emt 00:00:29]} Rbb8 {[%clk 00:26:08]} {[%emt
00:00:42]} 20. Nb4 {[%clk 00:32:49]} {[%emt 00:34:43]} h6 {[%clk 00:20:05]}
{[%emt 00:06:33]} 21. Nc6 {[%clk 00:30:30]} {[%emt 00:02:49]} Rxd1 {[%clk
00:20:24]} {[%emt 00:00:10]} 22. Rxd1 {[%clk 00:30:56]} {[%emt 00:00:04]} Rb6
{[%clk 00:19:36]} {[%emt 00:01:18]} 23. Nd8 {[%clk 00:29:04]} {[%emt 00:02:23]}
Qxa2 {[%clk 00:18:35]} {[%emt 00:01:31]} 24. h3 {[%clk 00:27:43]} {[%emt
00:01:51]} Rb1 {[%clk 00:17:00]} {[%emt 00:02:05]} 25. Rxb1 {[%clk 00:26:46]}
{[%emt 00:01:28]} Qxb1+ {[%clk 00:17:25]} {[%emt 00:00:04]} 26. Kh2 {[%clk
00:27:10]} {[%emt 00:00:05]} Qa2 {[%clk 00:17:30]} {[%emt 00:00:26]} 27. Qc6
{[%clk 00:16:10]} {[%emt 00:11:29]} Qc4 {[%clk 00:14:48]} {[%emt 00:03:12]} 28.
Qxc7 {[%clk 00:14:57]} {[%emt 00:01:43]} Qf4+ {[%clk 00:15:07]} {[%emt
00:00:11]} 29. Kg1 {[%clk 00:15:22]} {[%emt 00:00:05]} Qc1+ {[%clk 00:15:31]}
{[%emt 00:00:07]} 30. Kh2 {[%clk 00:15:47]} {[%emt 00:00:05]} Qf4+ {[%clk
00:15:56]} {[%emt 00:00:05]} 1/2-1/2

[Event "DEM U14 2023"]
[Site "Willingen GER"]
[Date "2023.05.31"]
[Round "6"]
[White "Torosyan, Bagrat"]
[Black "Petrow, Andre"]
[Result "1-0"]
[Termination "normal"]
[Board "22"]
[WhiteElo "1973"]
[BlackElo "1540"]
[WhiteClock "00:37:51"]
[BlackClock "00:23:12"]
[PlyCount "69"]
[WhiteFideId "16258134"]
[BlackFideId "34612815"]
[EventCountry "GER"]
[EventRounds "9"]
[EventType "swiss"]
[EventDate "2023.05.27"]

1. e4 {[%clk 01:30:58]} {[%emt 00:00:02]} e5 {[%clk 01:30:57]} {[%emt
00:00:04]} 2. Nf3 {[%clk 01:31:25]} {[%emt 00:00:02]} Nc6 {[%clk 01:31:22]}
{[%emt 00:00:05]} 3. Bc4 {[%clk 01:31:53]} {[%emt 00:00:02]} Bc5 {[%clk
01:31:45]} {[%emt 00:00:08]} 4. c3 {[%clk 01:32:20]} {[%emt 00:00:03]} Nf6
{[%clk 01:31:50]} {[%emt 00:00:24]} 5. d3 {[%clk 01:32:44]} {[%emt 00:00:05]}
O-O {[%clk 01:32:00]} {[%emt 00:00:20]} 6. O-O {[%clk 01:33:06]} {[%emt
00:00:08]} d5 {[%clk 01:32:23]} {[%emt 00:00:08]} 7. exd5 {[%clk 01:33:32]}
{[%emt 00:00:04]} Nxd5 {[%clk 01:32:49]} {[%emt 00:00:04]} 8. a4 {[%clk
01:33:53]} {[%emt 00:00:09]} a5 {[%clk 01:32:30]} {[%emt 00:00:49]} 9. Nbd2
{[%clk 01:34:01]} {[%emt 00:00:22]} Nb6 {[%clk 01:32:21]} {[%emt 00:00:40]} 10.
Bb5 {[%clk 01:34:20]} {[%emt 00:00:10]} Bg4 {[%clk 01:30:54]} {[%emt 00:01:57]}
11. h3 {[%clk 01:34:08]} {[%emt 00:00:42]} Bh5 {[%clk 01:30:28]} {[%emt
00:00:56]} 12. Ne4 {[%clk 01:33:36]} {[%emt 00:01:01]} Be7 {[%clk 01:29:32]}
{[%emt 00:01:27]} 13. Ng3 {[%clk 01:33:14]} {[%emt 00:00:51]} Bxf3 {[%clk
01:27:12]} {[%emt 00:02:50]} 14. Qxf3 {[%clk 01:33:32]} {[%emt 00:00:13]} Rc8
{[%clk 01:22:25]} {[%emt 00:05:17]} 15. Nf5 {[%clk 01:31:08]} {[%emt 00:02:54]}
Bf6 {[%clk 01:15:02]} {[%emt 00:07:54]} 16. Be3 {[%clk 01:26:43]} {[%emt
00:04:54]} Qd5 {[%clk 01:03:16]} {[%emt 00:12:16]} 17. Bxb6 {[%clk 01:15:10]}
{[%emt 00:12:03]} Qxf3 {[%clk 01:03:29]} {[%emt 00:00:16]} 18. gxf3 {[%clk
01:15:37]} {[%emt 00:00:04]} cxb6 {[%clk 01:02:56]} {[%emt 00:01:03]} 19. Nd6
{[%clk 01:15:50]} {[%emt 00:00:16]} Rc7 {[%clk 01:01:58]} {[%emt 00:01:29]} 20.
Nc4 {[%clk 01:15:56]} {[%emt 00:00:24]} Rd8 {[%clk 00:52:53]} {[%emt 00:09:34]}
21. Nxb6 {[%clk 01:16:01]} {[%emt 00:00:25]} Ne7 {[%clk 00:51:39]} {[%emt
00:01:45]} 22. Rfe1 {[%clk 00:59:52]} {[%emt 00:16:38]} Ng6 {[%clk 00:44:03]}
{[%emt 00:08:06]} 23. Nc4 {[%clk 00:53:53]} {[%emt 00:06:29]} Nh4 {[%clk
00:39:53]} {[%emt 00:04:41]} 24. Kh1 {[%clk 00:50:55]} {[%emt 00:03:28]} Nxf3
{[%clk 00:32:18]} {[%emt 00:08:06]} 25. Re3 {[%clk 00:50:50]} {[%emt 00:00:33]}
Nh4 {[%clk 00:29:21]} {[%emt 00:03:28]} 26. Nxe5 {[%clk 00:50:21]} {[%emt
00:00:59]} Bxe5 {[%clk 00:27:59]} {[%emt 00:01:52]} 27. Rxe5 {[%clk 00:50:47]}
{[%emt 00:00:03]} Ng6 {[%clk 00:27:03]} {[%emt 00:01:27]} 28. Re4 {[%clk
00:50:14]} {[%emt 00:01:02]} h5 {[%clk 00:25:29]} {[%emt 00:02:04]} 29. Rae1
{[%clk 00:49:40]} {[%emt 00:01:04]} Rd6 {[%clk 00:24:16]} {[%emt 00:01:44]} 30.
Bc4 {[%clk 00:46:42]} {[%emt 00:03:27]} Kh7 {[%clk 00:22:46]} {[%emt 00:02:00]}
31. b4 {[%clk 00:40:29]} {[%emt 00:06:43]} b6 {[%clk 00:22:23]} {[%emt
00:00:53]} 32. bxa5 {[%clk 00:39:31]} {[%emt 00:01:29]} bxa5 {[%clk 00:22:47]}
{[%emt 00:00:06]} 33. Rb1 {[%clk 00:39:53]} {[%emt 00:00:07]} Rc5 {[%clk
00:22:59]} {[%emt 00:00:15]} 34. Rb7 {[%clk 00:37:51]} {[%emt 00:02:35]} f5
{[%clk 00:23:12]} {[%emt 00:00:18]} 35. Rd4 {[%emt 00:01:55]} 1-0

[Event "DEM U14 2023"]
[Site "Willingen GER"]
[Date "2023.05.31"]
[Round "6"]
[White "Li, Luxuan"]
[Black "Tabales, Lennart"]
[Result "1-0"]
[Termination "normal"]
[Board "23"]
[WhiteElo "1403"]
[BlackElo "1374"]
[WhiteClock "00:44:00"]
[BlackClock "00:47:43"]
[PlyCount "50"]
[WhiteFideId "34617507"]
[BlackFideId "34604057"]
[EventCountry "GER"]
[EventRounds "9"]
[EventType "swiss"]
[EventDate "2023.05.27"]

1. e4 {[%clk 01:30:49]} {[%emt 00:00:10]} d5 {[%clk 01:30:57]} {[%emt
00:00:04]} 2. exd5 {[%clk 01:31:11]} {[%emt 00:00:07]} Qxd5 {[%clk 01:31:20]}
{[%emt 00:00:07]} 3. Nc3 {[%clk 01:31:35]} {[%emt 00:00:07]} Qa5 {[%clk
01:31:45]} {[%emt 00:00:05]} 4. d4 {[%clk 01:31:50]} {[%emt 00:00:14]} c6
{[%clk 01:32:11]} {[%emt 00:00:04]} 5. Bd2 {[%clk 01:32:10]} {[%emt 00:00:11]}
Nf6 {[%clk 01:32:18]} {[%emt 00:00:22]} 6. Bc4 {[%clk 01:31:52]} {[%emt
00:00:48]} Bf5 {[%clk 01:32:21]} {[%emt 00:00:27]} 7. Qe2 {[%clk 01:31:48]}
{[%emt 00:00:33]} e6 {[%clk 01:31:50]} {[%emt 00:01:02]} 8. d5 {[%clk
01:30:49]} {[%emt 00:01:29]} cxd5 {[%clk 01:29:33]} {[%emt 00:02:47]} 9. Nxd5
{[%clk 01:30:55]} {[%emt 00:00:24]} Qd8 {[%clk 01:29:13]} {[%emt 00:00:49]} 10.
Nxf6+ {[%clk 01:30:48]} {[%emt 00:00:38]} Qxf6 {[%clk 01:28:44]} {[%emt
00:00:59]} 11. O-O-O {[%clk 01:30:41]} {[%emt 00:00:36]} Ba3 {[%clk 01:24:16]}
{[%emt 00:04:47]} 12. c3 {[%clk 01:28:26]} {[%emt 00:02:57]} Bc5 {[%clk
01:22:10]} {[%emt 00:02:35]} 13. h4 {[%clk 01:24:44]} {[%emt 00:04:13]} h6
{[%clk 01:19:56]} {[%emt 00:02:43]} 14. g4 {[%clk 01:19:23]} {[%emt 00:05:51]}
Bg6 {[%clk 01:14:50]} {[%emt 00:05:36]} 15. h5 {[%clk 01:09:09]} {[%emt
00:10:44]} Bh7 {[%clk 01:14:37]} {[%emt 00:00:43]} 16. f4 {[%clk 01:07:53]}
{[%emt 00:01:46]} O-O {[%clk 01:12:31]} {[%emt 00:02:37]} 17. Nf3 {[%clk
01:04:35]} {[%emt 00:03:48]} Nc6 {[%clk 01:08:59]} {[%emt 00:04:05]} 18. Nh4
{[%clk 01:02:44]} {[%emt 00:02:17]} e5 {[%clk 00:58:39]} {[%emt 00:10:51]} 19.
g5 {[%clk 00:57:12]} {[%emt 00:06:01]} Qd6 {[%clk 00:58:12]} {[%emt 00:00:56]}
20. g6 {[%clk 00:55:10]} {[%emt 00:02:34]} exf4 {[%clk 00:55:40]} {[%emt
00:03:01]} 21. gxh7+ {[%clk 00:53:49]} {[%emt 00:01:51]} Kxh7 {[%clk 00:55:41]}
{[%emt 00:00:29]} 22. Qg4 {[%clk 00:50:18]} {[%emt 00:04:01]} f5 {[%clk
00:50:59]} {[%emt 00:05:13]} 23. Qg6+ {[%clk 00:47:42]} {[%emt 00:03:06]} Qxg6
{[%clk 00:51:10]} {[%emt 00:00:19]} 24. Nxg6 {[%clk 00:47:35]} {[%emt
00:00:37]} Be3 {[%clk 00:49:34]} {[%emt 00:02:04]} 25. Nxf8+ {[%clk 00:44:00]}
{[%emt 00:04:07]} Rxf8 {[%clk 00:47:43]} {[%emt 00:02:20]} 1-0

[Event "DEM U14 2023"]
[Site "Willingen GER"]
[Date "2023.05.31"]
[Round "6"]
[White "Skembris, Simon Max"]
[Black "Halich, Jan Finnian"]
[Result "1-0"]
[Termination "normal"]
[Board "24"]
[WhiteElo "1967"]
[BlackElo "1134"]
[WhiteClock "00:39:31"]
[BlackClock "00:46:21"]
[PlyCount "49"]
[WhiteFideId "16281381"]
[BlackFideId "34623710"]
[EventCountry "GER"]
[EventRounds "9"]
[EventType "swiss"]
[EventDate "2023.05.27"]

1. e4 {[%clk 01:30:58]} e6 {[%clk 01:30:58]} {[%emt 00:00:04]} 2. d4 {[%clk
01:31:23]} {[%emt 00:00:05]} d5 {[%clk 01:31:24]} {[%emt 00:00:03]} 3. Nd2
{[%emt 00:00:05]} c5 {[%clk 01:31:40]} {[%emt 00:00:13]} 4. exd5 {[%clk
01:32:13]} {[%emt 00:00:06]} Qxd5 {[%clk 01:32:02]} {[%emt 00:00:08]} 5. Ngf3
{[%clk 01:32:27]} {[%emt 00:00:16]} cxd4 {[%clk 01:31:47]} {[%emt 00:00:45]} 6.
Bc4 {[%clk 01:31:41]} {[%emt 00:01:16]} Qd7 {[%clk 01:28:48]} {[%emt 00:03:30]}
7. O-O {[%clk 01:28:37]} {[%emt 00:03:33]} Nc6 {[%clk 01:28:16]} {[%emt
00:01:02]} 8. Nb3 {[%clk 01:28:32]} {[%emt 00:00:36]} a6 {[%clk 01:27:38]}
{[%emt 00:01:08]} 9. Nbxd4 {[%clk 01:25:27]} {[%emt 00:03:35]} Nxd4 {[%clk
01:26:13]} {[%emt 00:01:55]} 10. Nxd4 {[%clk 01:22:35]} {[%emt 00:03:21]} Qc7
{[%clk 01:25:24]} {[%emt 00:01:19]} 11. Bb3 {[%clk 01:19:48]} {[%emt 00:03:17]}
Bd6 {[%clk 01:23:32]} {[%emt 00:02:21]} 12. h3 {[%clk 01:19:11]} {[%emt
00:01:08]} Bd7 {[%clk 01:23:06]} {[%emt 00:00:57]} 13. Qf3 {[%clk 01:17:59]}
{[%emt 00:01:40]} Ne7 {[%clk 01:17:46]} {[%emt 00:05:51]} 14. c3 {[%clk
01:13:15]} {[%emt 00:05:14]} Rc8 {[%clk 01:14:10]} {[%emt 00:04:07]} 15. Be3
{[%clk 01:06:05]} {[%emt 00:07:39]} Nc6 {[%clk 01:11:48]} {[%emt 00:02:53]} 16.
Rfe1 {[%clk 01:00:57]} {[%emt 00:05:37]} Ne5 {[%clk 01:04:34]} {[%emt
00:07:45]} 17. Qe2 {[%clk 00:57:37]} {[%emt 00:03:49]} h5 {[%clk 00:58:47]}
{[%emt 00:06:17]} 18. Rad1 {[%clk 00:54:43]} {[%emt 00:03:24]} Bc5 {[%clk
00:55:17]} {[%emt 00:04:00]} 19. Bf4 {[%clk 00:51:18]} {[%emt 00:03:54]} f6
{[%clk 00:54:11]} {[%emt 00:01:37]} 20. Nxe6 {[%clk 00:47:39]} {[%emt
00:04:08]} Bxe6 {[%clk 00:48:13]} {[%emt 00:06:29]} 21. Bxe6 {[%clk 00:45:17]}
{[%emt 00:02:52]} Rd8 {[%clk 00:47:23]} {[%emt 00:01:20]} 22. Rxd8+ {[%clk
00:45:02]} {[%emt 00:00:46]} Kxd8 {[%clk 00:47:44]} {[%emt 00:00:08]} 23. Bxe5
{[%clk 00:42:04]} {[%emt 00:03:29]} fxe5 {[%clk 00:46:14]} {[%emt 00:02:00]}
24. Rd1+ {[%clk 00:39:26]} {[%emt 00:03:08]} Ke7 {[%clk 00:46:21]} {[%emt
00:00:23]} 25. Rd7+ {[%clk 00:39:31]} {[%emt 00:00:24]} 1-0